Trading for a living : psychology, trading tactics, money management

Gespeichert in:
Bibliographische Detailangaben
1. Verfasser: Elder, Alexander, Dr
Format: Buch
Veröffentlicht: John Wiley and Sons 1993
Tags: Tag hinzufügen
Keine Tags, Fügen Sie den ersten Tag hinzu!
Thư viện lưu trữ: Mạng thư viện Đại học Đà Nẵng
LEADER 00571nam a2200217 a 4500
001 000029437
003 8751
005 20171030145630.0
008 171030s1993
040 |a LTT 
082 0 |a 332.64  |b EL-A 
100 1 |a Elder, Alexander, Dr 
245 0 0 |a Trading for a living : psychology, trading tactics, money management  |c Alexander Elder. 
260 |b John Wiley and Sons  |c 1993 
OWN |a LTT 
999 |a From the UDN01 
TYP |a Monograph 
TYP |a Printed language 
980 |a Mạng thư viện Đại học Đà Nẵng